| 000 | 00635 a2200217 4500 | ||
|---|---|---|---|
| 005 | 20250108152646.0 | ||
| 010 | _aENG-143228 | ||
| 020 |
_a9789390961108 _c450.00 |
||
| 035 | _aEN-126760 | ||
| 037 | _bDBAD | ||
| 037 | _bVitasta | ||
| 082 | _a921 | ||
| 100 |
_aPadaki, Vijay _976114 |
||
| 245 |
_aFootprints and other plays/ _cBy Vijay Padaki |
||
| 260 |
_aNew Delhi _bVitasta Publishing _c2007 |
||
| 270 |
_a2/15, Ist Floor, Ansari Road, Darya Ganj _bNew Delhi _cDelhi _e110002 |
||
| 300 |
_axiii,333p _c21cm(pb) |
||
| 490 | _v4 | ||
| 650 |
_aBiography _xpolitical _976115 |
||
| 942 |
_adpl _cEN _2ddc _h882 _mPAD |
||
| 999 |
_c208215 _d208215 |
||